[Event "Women's Speed Chess GP3"]
[Site "chess.com INT"]
[Date "2020.07.08"]
[Round "1.8"]
[White "Abrahamyan, Tatev"]
[Black "Harika, Dronavalli"]
[Result "0-1"]
[WhiteTitle "WGM"]
[BlackTitle "GM"]
[WhiteElo "2358"]
[BlackElo "2515"]
[WhiteFideId "13301918"]
[BlackFideId "5015197"]
[EventDate "2020.07.08"]
[EventType "k.o. blitz"]

1. e4 d6 2. d4 Nf6 3. Nc3 g6 4. Be3 a6 5. f3 b5 6. Qd2 Bb7 7. h4 h5 8. Nh3 Nbd7
9. Ng5 Bg7 10. Bd3 c5 11. dxc5 Nxc5 12. Be2 Rc8 13. O-O-O b4 14. Nd5 Nxd5 15.
exd5 Qa5 16. Kb1 Na4 17. Bd4 Nc3+ 18. bxc3 bxc3 19. Qc1 Qb4+ 20. Ka1 Bxd4 21.
Qb1 Qb2+ 22. Qxb2 cxb2+ 23. Kb1 Bg7 24. Rhe1 O-O 25. Bf1 Rc5 26. c4 Rc7 27. Ne4
a5 28. Nd2 a4 29. a3 Rb8 30. Re4 Ba6 31. Rde1 Bc3 32. Rd1 Kg7 33. Bd3 Bf6 34.
Kc2 Rcb7 35. Rb1 Rc7 36. Nf1 Rb3 37. Nd2 Rxa3 0-1

[Event "Women's Speed Chess GP3"]
[Site "chess.com INT"]
[Date "2020.07.08"]
[Round "1.9"]
[White "Harika, Dronavalli"]
[Black "Abrahamyan, Tatev"]
[Result "1-0"]
[WhiteTitle "GM"]
[BlackTitle "WGM"]
[WhiteElo "2515"]
[BlackElo "2358"]
[WhiteFideId "5015197"]
[BlackFideId "13301918"]
[EventDate "2020.07.08"]
[EventType "k.o. blitz"]

1. c4 Nf6 2. Nc3 e6 3. d4 Bb4 4. e3 O-O 5. Bd2 Re8 6. Nf3 b6 7. Bd3 Bb7 8. O-O
d5 9. cxd5 exd5 10. Ne5 Nbd7 11. f4 a6 12. Rc1 Be7 13. Qf3 c5 14. Qh3 c4 15. Bb1
Nf8 16. Be1 b5 17. Bh4 b4 18. Ne2 Rc8 19. Ng3 c3 20. bxc3 bxc3 21. Nf5 Ng6 22.
Nxe7+ Qxe7 23. Bxg6 fxg6 24. f5 gxf5 25. Rxf5 Qa3 26. Rff1 Ne4 27. Qd7 Bc6 28.
Nxc6 1-0

[Event "Women's Speed Chess GP3"]
[Site "chess.com INT"]
[Date "2020.07.08"]
[Round "1.10"]
[White "Abrahamyan, Tatev"]
[Black "Harika, Dronavalli"]
[Result "0-1"]
[WhiteTitle "WGM"]
[BlackTitle "GM"]
[WhiteElo "2358"]
[BlackElo "2515"]
[WhiteFideId "13301918"]
[BlackFideId "5015197"]
[EventDate "2020.07.08"]
[EventType "k.o. blitz"]

1. e4 c5 2. Nf3 Nc6 3. d4 cxd4 4. Nxd4 e5 5. Nb5 d6 6. c4 Be7 7. N1c3 a6 8. Na3
Be6 9. Be2 Bg5 10. O-O Bxc1 11. Rxc1 Nf6 12. Nc2 O-O 13. Qd2 Rc8 14. Rcd1 Qb6
15. b3 Rfd8 16. h3 h6 17. Kh2 Qc7 18. Nd5 Bxd5 19. exd5 Ne7 20. f4 exf4 21. Rxf4
Ng6 22. Rf2 Qe7 23. Bd3 Re8 24. Nd4 Qe5+ 25. Kh1 Qxd4 26. Qc2 Qe3 27. Rdf1 Ne5
28. Bf5 Qg5 29. Rf4 Nh5 0-1

[Event "Women's Speed Chess GP3"]
[Site "chess.com INT"]
[Date "2020.07.08"]
[Round "1.11"]
[White "Harika, Dronavalli"]
[Black "Abrahamyan, Tatev"]
[Result "1-0"]
[WhiteTitle "GM"]
[BlackTitle "WGM"]
[WhiteElo "2515"]
[BlackElo "2358"]
[WhiteFideId "5015197"]
[BlackFideId "13301918"]
[EventDate "2020.07.08"]
[EventType "k.o. blitz"]

1. g3 g6 2. Bg2 Bg7 3. c4 Nf6 4. Nc3 O-O 5. e4 d6 6. Nge2 c5 7. O-O Nc6 8. d3
Bd7 9. h3 a6 10. a4 Rb8 11. Be3 Ne8 12. d4 cxd4 13. Nxd4 Nc7 14. Rc1 Ne6 15.
Nde2 Nc5 16. b3 Qa5 17. Nd5 e6 18. b4 Qd8 19. bxc5 exd5 20. cxd5 Ne7 21. cxd6
Nc8 22. Bf4 g5 23. Be3 Nxd6 24. Bc5 Qe7 25. Nd4 Rbc8 26. Bxd6 Qxd6 27. Nf5 Bxf5
28. exf5 Be5 29. Rxc8 Rxc8 30. Qg4 f6 31. h4 h6 32. Qh5 Rc2 33. Qg6+ Kf8 34.
Qxh6+ Ke7 35. hxg5 fxg5 36. Qxg5+ Kd7 37. Qg8 1-0

[Event "Women's Speed Chess GP3"]
[Site "chess.com INT"]
[Date "2020.07.08"]
[Round "1.12"]
[White "Abrahamyan, Tatev"]
[Black "Harika, Dronavalli"]
[Result "0-1"]
[WhiteTitle "WGM"]
[BlackTitle "GM"]
[WhiteElo "2358"]
[BlackElo "2515"]
[WhiteFideId "13301918"]
[BlackFideId "5015197"]
[EventDate "2020.07.08"]
[EventType "k.o. blitz"]

1. e4 c5 2. Nf3 Nc6 3. d4 cxd4 4. Nxd4 e5 5. Nb5 d6 6. c4 Be7 7. N1c3 a6 8. Na3
Be6 9. Bd3 Bg5 10. O-O Bxc1 11. Rxc1 Nf6 12. Nc2 O-O 13. Nd5 Rc8 14. Qd2 h6 15.
h3 Nd4 16. Nxd4 exd4 17. Nf4 Bd7 18. Bb1 Qb6 19. b3 Rfe8 20. Rfe1 Bc6 21. Nd5
Bxd5 22. exd5 a5 23. Rxe8+ Rxe8 24. Rd1 Qc5 25. Qxd4 Re1+ 0-1

[Event "Women's Speed Chess GP3"]
[Site "chess.com INT"]
[Date "2020.07.08"]
[Round "1.13"]
[White "Harika, Dronavalli"]
[Black "Abrahamyan, Tatev"]
[Result "1/2-1/2"]
[WhiteTitle "GM"]
[BlackTitle "WGM"]
[WhiteElo "2515"]
[BlackElo "2358"]
[WhiteFideId "5015197"]
[BlackFideId "13301918"]
[EventDate "2020.07.08"]
[EventType "k.o. blitz"]

1. g3 Nf6 2. Bg2 e6 3. c4 d5 4. Nf3 Be7 5. O-O O-O 6. b3 c5 7. Bb2 Nc6 8. e3 b6
9. Nc3 Bb7 10. cxd5 exd5 11. d4 Rc8 12. Re1 cxd4 13. Nxd4 Nxd4 14. Qxd4 Bc5 15.
Qh4 Be7 16. Qd4 Bc5 17. Qh4 Be7 18. Qd4 1/2-1/2

[Event "Women's Speed Chess GP3"]
[Site "chess.com INT"]
[Date "2020.07.08"]
[Round "1.14"]
[White "Abrahamyan, Tatev"]
[Black "Harika, Dronavalli"]
[Result "1/2-1/2"]
[WhiteTitle "WGM"]
[BlackTitle "GM"]
[WhiteElo "2358"]
[BlackElo "2515"]
[WhiteFideId "13301918"]
[BlackFideId "5015197"]
[EventDate "2020.07.08"]
[EventType "k.o. blitz"]

1. e4 c5 2. Nf3 Nc6 3. d4 cxd4 4. Nxd4 e5 5. Nb5 d6 6. c4 Be7 7. N1c3 a6 8. Na3
Be6 9. Bd3 Bg5 10. O-O Bxc1 11. Rxc1 Nf6 12. Nc2 O-O 13. Qd2 Rc8 14. Rcd1 Ne7
15. Ne3 Qb6 16. b3 Rfd8 17. h3 Ng6 18. Ned5 Bxd5 19. exd5 Qd4 20. Bxg6 Qxd2 21.
Bxf7+ Kxf7 22. Rxd2 Rb8 23. f4 Re8 24. fxe5 Rxe5 25. Re2 Rxe2 26. Nxe2 b5 27.
cxb5 Rxb5 28. Nf4 Ke7 29. Re1+ Kd7 30. Rd1 Rc5 31. Rd2 h6 32. Kf2 g5 33. Nd3
Rxd5 34. Ke3 a5 35. Rf2 Ke6 36. Rc2 Nd7 37. Rc7 Ne5 38. Nf2 Rc5 39. Rxc5 dxc5
40. Ne4 c4 41. Kd4 cxb3 42. axb3 Ng6 43. Nc5+ Kd6 44. Nb7+ Ke6 45. Nxa5 Nf4 46.
b4 Nxh3 47. b5 Nf4 48. g3 Ne2+ 49. Ke3 Nxg3 50. Kf3 Nf5 51. Kg4 Nd6 52. b6 Kd7
53. b7 Nxb7 54. Nxb7 Kc7 55. Nc5 Kd6 56. Ne4+ Ke5 57. Nxg5 hxg5 58. Kxg5 1/2-1/2

[Event "Women's Speed Chess GP3"]
[Site "chess.com INT"]
[Date "2020.07.09"]
[Round "2.1"]
[White "Ju, Wenjun"]
[Black "Khademalsharieh, Sarasadat"]
[Result "0-1"]
[WhiteTitle "GM"]
[BlackTitle "IM"]
[WhiteElo "2560"]
[BlackElo "2494"]
[WhiteFideId "8603006"]
[BlackFideId "12512214"]
[EventDate "2020.07.08"]
[EventType "k.o. blitz"]

1. d4 Nf6 2. Nf3 d5 3. Bf4 c5 4. e3 Nc6 5. Nbd2 cxd4 6. exd4 Bf5 7. a3 e6 8. Be2
h6 9. O-O Be7 10. Re1 O-O 11. c3 Rc8 12. h3 a6 13. Ne5 Nxe5 14. Bxe5 Nd7 15. Bg3
Qb6 16. Nb3 Bd6 17. Bxd6 Qxd6 18. a4 Rc7 19. a5 Rb8 20. Bd3 Bxd3 21. Qxd3 b5 22.
Nd2 b4 23. c4 dxc4 24. Nxc4 Qd5 25. Ne3 Qb5 26. Qb3 Nf6 27. Ra4 Rd7 28. Rd1 Nd5
29. Rd2 Nf4 30. Kh2 Qb7 31. Ra1 Rbd8 32. Rad1 Qc7 33. g3 Nd5 34. Nxd5 Rxd5 35.
Qxb4 Rb5 36. Qc3 Qxa5 37. Rc1 Qb6 38. Qc6 Rxb2 39. Qxb6 Rxb6 40. Ra1 g5 41. Kg2
Rd5 42. Rda2 Rxd4 43. Rxa6 Rb2 44. R6a2 Rbb4 45. Rc2 Rd5 46. Raa2 Kg7 47. Rab2
Rxb2 48. Rxb2 h5 49. Rb4 Kg6 50. Rc4 Rd2 51. Rc3 e5 52. Rc4 f6 53. g4 h4 54. Rb4
Kf7 55. Rb6 Ke7 56. Rc6 Rd6 57. Rc7+ Ke6 58. Rc5 e4 59. Rc4 Ke5 60. Rc5+ Rd5 61.
Rc6 Ra5 62. Rb6 f5 63. gxf5 Kxf5 64. Rc6 Ra2 65. Kg1 Kf4 66. Rf6+ Ke5 67. Rg6
Kf5 68. Rc6 Ra5 69. Rd6 Kf4 70. Rf6+ Rf5 71. Rc6 Rd5 72. Rf6+ Ke5 73. Rg6 Kf5
74. Rc6 Rd3 75. Kg2 e3 76. fxe3 Rxe3 77. Rc5+ Kf4 78. Rc4+ Re4 79. Rc2 Rd4 80.
Rf2+ Ke3 81. Rf5 Rd2+ 82. Kg1 Ke4 83. Rxg5 Kf3 84. Rg4 Rd1+ 85. Kh2 Rd2+ 86. Kg1
Ra2 87. Kh1 Rb2 88. Kg1 Rd2 0-1

[Event "Women's Speed Chess GP3"]
[Site "chess.com INT"]
[Date "2020.07.09"]
[Round "2.2"]
[White "Khademalsharieh, Sarasadat"]
[Black "Ju, Wenjun"]
[Result "0-1"]
[WhiteTitle "IM"]
[BlackTitle "GM"]
[WhiteElo "2494"]
[BlackElo "2560"]
[WhiteFideId "12512214"]
[BlackFideId "8603006"]
[EventDate "2020.07.08"]
[EventType "k.o. blitz"]

1. d4 Nf6 2. c4 e6 3. Nf3 b6 4. g3 Ba6 5. Nbd2 Bb4 6. Qa4 c5 7. dxc5 bxc5 8. a3
Bxd2+ 9. Bxd2 O-O 10. Bg2 d5 11. Ne5 Ne4 12. Bxe4 dxe4 13. Nc6 Qe8 14. b4 Qxc6
15. b5 Qd7 0-1

[Event "Women's Speed Chess GP3"]
[Site "chess.com INT"]
[Date "2020.07.09"]
[Round "2.3"]
[White "Ju, Wenjun"]
[Black "Khademalsharieh, Sarasadat"]
[Result "1-0"]
[WhiteTitle "GM"]
[BlackTitle "IM"]
[WhiteElo "2560"]
[BlackElo "2494"]
[WhiteFideId "8603006"]
[BlackFideId "12512214"]
[EventDate "2020.07.08"]
[EventType "k.o. blitz"]

1. Nf3 d5 2. g3 g6 3. Bg2 Bg7 4. O-O c6 5. d4 Nd7 6. Nbd2 Nh6 7. e4 dxe4 8. Nxe4
Nf5 9. c3 O-O 10. Bf4 Nf6 11. Nxf6+ Bxf6 12. Re1 Be6 13. Qc2 Qb6 14. g4 Nd6 15.
Ne5 Rad8 16. h3 Rfe8 17. Re2 Nc4 18. Nd3 Bd5 19. Rae1 Bxg2 20. Kxg2 Qb5 21. Nc5
e6 22. b3 Na5 23. Bc7 Rc8 24. a4 Qxe2 25. Qxe2 Rxc7 26. b4 1-0

[Event "Women's Speed Chess GP3"]
[Site "chess.com INT"]
[Date "2020.07.09"]
[Round "2.4"]
[White "Khademalsharieh, Sarasadat"]
[Black "Ju, Wenjun"]
[Result "0-1"]
[WhiteTitle "IM"]
[BlackTitle "GM"]
[WhiteElo "2494"]
[BlackElo "2560"]
[WhiteFideId "12512214"]
[BlackFideId "8603006"]
[EventDate "2020.07.08"]
[EventType "k.o. blitz"]

1. d4 Nf6 2. c4 e6 3. Nf3 b6 4. a3 Ba6 5. Qc2 c5 6. d5 exd5 7. cxd5 Bb7 8. Nc3
Nxd5 9. Nxd5 Bxd5 10. e4 Bb7 11. Bc4 Be7 12. O-O O-O 13. Bf4 d6 14. Rad1 Nd7 15.
Bxd6 Bxd6 16. Rxd6 Qe7 17. Qd1 Rad8 18. Re1 Ne5 19. Rxd8 Rxd8 20. Bd5 Nxf3+ 21.
gxf3 g6 22. Qd2 Bxd5 23. exd5 Rxd5 24. Qxd5 Qxe1+ 25. Kg2 Qe7 26. a4 Kg7 27. Qc4
Qg5+ 28. Kf1 Qf6 29. Qa6 Qxf3 30. Qxa7 Qb3 31. a5 Qb5+ 32. Kg2 Qxa5 33. Qc7 c4
34. Qxc4 Qg5+ 35. Kf1 Qe5 36. Qb3 b5 37. Kg2 h5 38. h3 Kf6 39. Qf3+ Qf5 40. Qc6+
Kg5 41. b4 Qe5 42. Qc1+ Kf6 43. Qc6+ Kg7 44. Qb7 g5 45. Qc6 Qf5 46. Qb7 g4 47.
hxg4 Qxg4+ 48. Kf1 Qxb4 49. Qg2+ Qg4 50. Qc6 Qc4+ 0-1

[Event "Women's Speed Chess GP3"]
[Site "chess.com INT"]
[Date "2020.07.09"]
[Round "2.5"]
[White "Ju, Wenjun"]
[Black "Khademalsharieh, Sarasadat"]
[Result "0-1"]
[WhiteTitle "GM"]
[BlackTitle "IM"]
[WhiteElo "2560"]
[BlackElo "2494"]
[WhiteFideId "8603006"]
[BlackFideId "12512214"]
[EventDate "2020.07.08"]
[EventType "k.o. blitz"]

1. Nf3 d5 2. g3 g6 3. Bg2 Bg7 4. d4 c6 5. O-O Nh6 6. Nbd2 Nf5 7. c3 O-O 8. e4
dxe4 9. Nxe4 Nd7 10. Bf4 Nf6 11. Nxf6+ Bxf6 12. Re1 Be6 13. Qc2 Rc8 14. Rad1 Qa5
15. b3 Rfd8 16. Be5 c5 17. Bxf6 exf6 18. dxc5 Qxc5 19. Rxd8+ Rxd8 20. g4 Nd4 21.
Nxd4 Rxd4 22. h3 b5 23. Qe2 Qxc3 24. Qxb5 Qxe1+ 0-1

[Event "Women's Speed Chess GP3"]
[Site "chess.com INT"]
[Date "2020.07.09"]
[Round "2.6"]
[White "Khademalsharieh, Sarasadat"]
[Black "Ju, Wenjun"]
[Result "1/2-1/2"]
[WhiteTitle "IM"]
[BlackTitle "GM"]
[WhiteElo "2494"]
[BlackElo "2560"]
[WhiteFideId "12512214"]
[BlackFideId "8603006"]
[EventDate "2020.07.08"]
[EventType "k.o. blitz"]

1. d4 Nf6 2. c4 e6 3. Nf3 b6 4. a3 Ba6 5. Qc2 c5 6. d5 exd5 7. cxd5 Bb7 8. e4
Qe7 9. Nc3 Nxd5 10. Nxd5 Bxd5 11. Bd3 c4 12. Bxc4 Bxe4 13. Qe2 Bxf3 14. gxf3
Qxe2+ 15. Kxe2 Nc6 16. Be3 Bc5 17. Rad1 Ke7 18. b4 Bxe3 19. fxe3 Ne5 20. Bd5
Rac8 21. Rc1 Kd6 22. Bb3 Ke7 23. f4 Nc6 24. Rhd1 f5 25. Rc2 Rc7 26. Rcd2 Rhc8
27. h4 g6 28. h5 a5 29. b5 Nd8 30. hxg6 hxg6 31. Rg1 Rc3 32. Rd3 Rxd3 33. Kxd3
Ne6 34. Bxe6 dxe6 35. Rxg6 Kd6 36. Rg1 Rc5 37. a4 Rd5+ 38. Kc3 Rc5+ 1/2-1/2

[Event "Women's Speed Chess GP3"]
[Site "chess.com INT"]
[Date "2020.07.09"]
[Round "2.7"]
[White "Ju, Wenjun"]
[Black "Khademalsharieh, Sarasadat"]
[Result "1/2-1/2"]
[WhiteTitle "GM"]
[BlackTitle "IM"]
[WhiteElo "2560"]
[BlackElo "2494"]
[WhiteFideId "8603006"]
[BlackFideId "12512214"]
[EventDate "2020.07.08"]
[EventType "k.o. blitz"]

1. Nf3 d5 2. b3 Nf6 3. Bb2 g6 4. e3 Bg7 5. c4 dxc4 6. bxc4 c5 7. Be2 O-O 8. O-O
b6 9. Nc3 Bb7 10. d4 cxd4 11. exd4 Nc6 12. d5 Na5 13. Rc1 Ba6 14. Nd2 Rc8 15.
Qa4 Nxd5 16. cxd5 Bxe2 17. Nxe2 Bxb2 18. Rxc8 Qxc8 19. Qe4 Qd7 20. Nf3 Rd8 21.
Nf4 Bf6 22. Re1 Nb7 23. Ne5 Bxe5 24. Qxe5 Nd6 25. h3 Qa4 26. Nh5 gxh5 27. Qg5+
Kh8 28. Qxe7 Re8 29. Qf6+ Kg8 30. Qg5+ Kh8 31. Qf6+ Kg8 32. Qg5+ Kh8 33. Qf6+ 1/2-1/2

[Event "Women's Speed Chess GP3"]
[Site "chess.com INT"]
[Date "2020.07.09"]
[Round "2.8"]
[White "Khademalsharieh, Sarasadat"]
[Black "Ju, Wenjun"]
[Result "1-0"]
[WhiteTitle "IM"]
[BlackTitle "GM"]
[WhiteElo "2494"]
[BlackElo "2560"]
[WhiteFideId "12512214"]
[BlackFideId "8603006"]
[EventDate "2020.07.08"]
[EventType "k.o. blitz"]

1. d4 Nf6 2. c4 e6 3. Nf3 d5 4. Nc3 Be7 5. Bf4 O-O 6. e3 Nbd7 7. Be2 dxc4 8. O-O
c5 9. dxc5 Nxc5 10. Bxc4 Qxd1 11. Rfxd1 a6 12. Ne5 Ncd7 13. Nd3 b5 14. Bb3 Bb7
15. Rac1 Rac8 16. h3 h6 17. f3 Nb6 18. e4 Nc4 19. Ne2 Nd7 20. Bxc4 bxc4 21. Ne5
Nxe5 22. Bxe5 Rfd8 23. Rxd8+ Bxd8 24. Kf2 f6 25. Bd4 Kf7 26. Nc3 e5 27. Be3 Ke6
28. g4 Be7 29. Na4 Rb8 30. Rxc4 Bc8 31. Bc5 Bd8 32. b3 Bd7 33. Nc3 Rc8 34. Be3
Rxc4 35. bxc4 Kd6 36. Ke2 Kc6 37. Kd3 Ba5 38. Nd5 Bd8 39. Bd2 Be6 40. Bb4 g5 41.
Bf8 h5 42. gxh5 f5 43. h6 fxe4+ 44. Kxe4 Bg8 45. Kxe5 Bh7 46. Nf6 Bg6 47. Ne4
Bc7+ 48. Kd4 Bd8 49. Ke5 Bh7 50. Bg7 Bg6 51. Bf6 Bc7+ 52. Kd4 Bf4 53. Bxg5 Bxe4
54. Bxf4 Bg6 55. Ke5 Kd7 56. Kf6 Bb1 57. Kg7 1-0

[Event "Women's Speed Chess GP3"]
[Site "chess.com INT"]
[Date "2020.07.09"]
[Round "2.9"]
[White "Ju, Wenjun"]
[Black "Khademalsharieh, Sarasadat"]
[Result "0-1"]
[WhiteTitle "GM"]
[BlackTitle "IM"]
[WhiteElo "2560"]
[BlackElo "2494"]
[WhiteFideId "8603006"]
[BlackFideId "12512214"]
[EventDate "2020.07.08"]
[EventType "k.o. blitz"]

1. d4 Nf6 2. c4 e6 3. Nc3 Bb4 4. f3 d5 5. a3 Bxc3+ 6. bxc3 c5 7. cxd5 exd5 8. e3
c4 9. Ne2 O-O 10. g4 Nc6 11. h4 Na5 12. Nf4 Nb3 13. Ra2 Qa5 14. Bd2 Re8 15. g5
Nd7 16. h5 Nf8 17. Kf2 Bd7 18. g6 fxg6 19. e4 Be6 20. hxg6 Nxg6 21. Nxg6 hxg6
22. e5 Rf8 23. Kg3 Qc7 24. Be3 Qa5 25. Qe1 b5 26. Bh3 Bxh3 27. Rxh3 Rf5 28. Rah2
Kf7 29. Rh8 Rxh8 30. Rxh8 Qxa3 31. e6+ Ke7 32. Rg8 Qd6+ 33. Kg2 Qxe6 34. Rxg7+
Ke8 35. Qh1 Rh5 36. Qe1 Qh3+ 37. Kg1 Qh1+ 38. Kf2 Rh2+ 0-1

[Event "Women's Speed Chess GP3"]
[Site "chess.com INT"]
[Date "2020.07.09"]
[Round "2.10"]
[White "Khademalsharieh, Sarasadat"]
[Black "Ju, Wenjun"]
[Result "1-0"]
[WhiteTitle "IM"]
[BlackTitle "GM"]
[WhiteElo "2494"]
[BlackElo "2560"]
[WhiteFideId "12512214"]
[BlackFideId "8603006"]
[EventDate "2020.07.08"]
[EventType "k.o. blitz"]

1. d4 Nf6 2. c4 e6 3. Nf3 b6 4. a3 Ba6 5. Qb3 c5 6. d5 Bb7 7. Nc3 exd5 8. cxd5
g6 9. e4 d6 10. Bf4 Bg7 11. Bb5+ Kf8 12. a4 h6 13. O-O Nh5 14. Be3 Nd7 15. Rfe1
Kg8 16. Rad1 Kh7 17. Be2 Re8 18. Nd2 Nhf6 19. Nc4 Ne5 20. Nxe5 Rxe5 21. Bf4 Re7
22. f3 Nh5 23. Be3 g5 24. Qc2 Be5 25. g3 Qg8 26. Bf1 Qg6 27. Bh3 Bc8 28. Bxc8
Rxc8 29. Nb1 Rf8 30. Nd2 Ng7 31. Kh1 f5 32. exf5 Nxf5 33. Ne4 Rfe8 34. Bg1 Kg7
35. g4 Nd4 36. Bxd4 Bxd4 37. Qg2 Re5 38. Rf1 Rxd5 39. Ng3 Rde5 40. f4 gxf4 41.
Nf5+ Kh7 42. Rxf4 Re1+ 43. Rf1 Rxd1 44. Rxd1 Rf8 45. Rf1 Rf7 46. h3 Be5 47. Qd5
Qf6 48. Qe4 Qg6 49. Rd1 Rf6 50. b3 Rf7 51. Nxd6 Qxe4+ 52. Nxe4 Rf3 53. Rd5 Rxh3+
54. Kg2 Rxb3 55. Rxe5 Rb4 56. Re7+ Kg6 57. Ng3 Rxa4 58. Kh3 Rb4 59. Kh4 c4 60.
Re6+ Kf7 61. Rxh6 a5 62. Rc6 a4 63. Nf5 c3 64. Rxc3 b5 65. Kg5 Rb2 66. Rc7+ Ke6
67. Re7+ Kd5 68. Kf6 a3 69. g5 a2 70. Ra7 b4 71. g6 b3 72. g7 Rg2 73. Ne3+ Kc5
74. Nxg2 b2 75. g8=Q a1=Q 76. Qc8+ Kd4 77. Rd7+ Ke4 78. Qc4+ Kf3 79. Nh4+ Kg3
80. Rd3+ Kf2 81. Qc2+ Ke1 82. Re3+ Kf1 83. Rf3+ Ke1 84. Ng2# 1-0

[Event "Women's Speed Chess GP3"]
[Site "chess.com INT"]
[Date "2020.07.09"]
[Round "2.11"]
[White "Ju, Wenjun"]
[Black "Khademalsharieh, Sarasadat"]
[Result "1-0"]
[WhiteTitle "GM"]
[BlackTitle "IM"]
[WhiteElo "2560"]
[BlackElo "2494"]
[WhiteFideId "8603006"]
[BlackFideId "12512214"]
[EventDate "2020.07.08"]
[EventType "k.o. blitz"]

1. d4 Nf6 2. g3 d5 3. Bg2 e6 4. Nf3 Be7 5. O-O O-O 6. c4 dxc4 7. Qc2 b5 8. a4 b4
9. Nfd2 Nd5 10. Nxc4 c5 11. e4 Nb6 12. dxc5 Nxc4 13. Qxc4 Ba6 14. Qxb4 Bxf1 15.
Bxf1 Nd7 16. Be3 Rc8 17. Nc3 Nxc5 18. Rd1 Qb6 19. Qa3 Qb8 20. b4 Nb7 21. Rd7 Bf6
22. Nb5 Rfd8 23. Rxd8+ Rxd8 24. Nxa7 Rd1 25. b5 Nd6 26. Nc6 Qb7 27. Qb3 Ra1 28.
e5 Ne4 29. exf6 Qd7 30. b6 Qb7 31. Na5 Qa6 32. Qb5 Qxb5 33. axb5 Rxa5 34. b7 1-0

[Event "Women's Speed Chess GP3"]
[Site "chess.com INT"]
[Date "2020.07.09"]
[Round "2.12"]
[White "Khademalsharieh, Sarasadat"]
[Black "Ju, Wenjun"]
[Result "1-0"]
[WhiteTitle "IM"]
[BlackTitle "GM"]
[WhiteElo "2494"]
[BlackElo "2560"]
[WhiteFideId "12512214"]
[BlackFideId "8603006"]
[EventDate "2020.07.08"]
[EventType "k.o. blitz"]

1. d4 Nf6 2. c4 e6 3. Nf3 b6 4. a3 Bb7 5. Nc3 Be7 6. d5 O-O 7. e4 d6 8. Be2 e5
9. O-O a5 10. Ne1 Na6 11. Nd3 Nc5 12. Nxc5 bxc5 13. Be3 Ne8 14. Rb1 Bc8 15. g3
f5 16. exf5 Bxf5 17. Bd3 g6 18. f4 exf4 19. Bxf4 Ng7 20. Bh6 Bxd3 21. Qxd3 Rxf1+
22. Rxf1 Nf5 23. Bc1 Bf6 24. Ne4 Bd4+ 25. Kh1 Qd7 26. g4 Nh6 27. Qxd4 Nxg4 28.
Nf6+ Nxf6 29. Qxf6 Re8 30. Bh6 1-0

[Event "Women's Speed Chess GP3"]
[Site "chess.com INT"]
[Date "2020.07.09"]
[Round "2.1"]
[White "Harika, Dronavalli"]
[Black "Hou, Yifan"]
[Result "1/2-1/2"]
[WhiteTitle "GM"]
[BlackTitle "GM"]
[WhiteElo "2515"]
[BlackElo "2658"]
[WhiteFideId "5015197"]
[BlackFideId "8602980"]
[EventDate "2020.07.08"]
[EventType "k.o. blitz"]

1. e4 c5 2. Nf3 d6 3. d4 cxd4 4. Qxd4 Nc6 5. Qe3 g6 6. c4 Bg7 7. Nc3 Nf6 8. Be2
Bg4 9. O-O O-O 10. Rb1 Rc8 11. b3 Nd7 12. Bb2 a6 13. Rfd1 Qa5 14. h3 Bxf3 15.
Bxf3 Qc5 16. Qxc5 Nxc5 17. Nd5 Bxb2 18. Rxb2 a5 19. g3 Kg7 20. Bg2 Rfd8 21. f4
Ra8 22. Rbd2 Ra6 23. Nc7 Ra7 24. e5 a4 25. exd6 exd6 26. Nb5 Ra6 27. Nxd6 axb3
28. axb3 Nxb3 29. Rb2 Ncd4 30. c5 Nxc5 31. Rxd4 Raxd6 32. Rxd6 Rxd6 33. Bxb7 Rd3
34. Kh2 Nxb7 35. Rxb7 Rd2+ 36. Kg1 h5 37. Rb6 h4 38. gxh4 Rd4 39. f5 gxf5 40. h5
Rh4 41. Kg2 Rxh5 42. Kg3 Rh6 43. Rxh6 Kxh6 44. Kf4 Kg6 45. h4 Kh5 46. Kxf5 Kxh4
47. Kf6 Kh5 48. Kxf7 1/2-1/2

[Event "Women's Speed Chess GP3"]
[Site "chess.com INT"]
[Date "2020.07.09"]
[Round "2.2"]
[White "Hou, Yifan"]
[Black "Harika, Dronavalli"]
[Result "0-1"]
[WhiteTitle "GM"]
[BlackTitle "GM"]
[WhiteElo "2658"]
[BlackElo "2515"]
[WhiteFideId "8602980"]
[BlackFideId "5015197"]
[EventDate "2020.07.08"]
[EventType "k.o. blitz"]

1. e4 e5 2. Nf3 Nf6 3. Nxe5 d6 4. Nf3 Nxe4 5. Nc3 Nxc3 6. dxc3 Be7 7. Be3 Nd7 8.
Qd2 Nf6 9. O-O-O O-O 10. h3 c5 11. Bd3 d5 12. Rhe1 c4 13. Bf1 Be6 14. Ng5 Qa5
15. Kb1 Rac8 16. Bd4 Rc6 17. b4 Qa4 18. Qc1 a5 19. b5 Qxb5+ 20. Ka1 Qa4 21. f4
Ba3 22. Qd2 Bf5 23. Rb1 b5 24. Bxf6 Rxf6 25. Nf3 Bxc2 26. Nd4 Bxb1 27. Rxb1 b4
28. Be2 b3 29. Rxb3 Bc5 30. Rb1 Bxd4 31. Qxd4 Qa3 32. g3 h6 33. Bf3 Re6 34. f5
Ree8 35. Bxd5 Rd8 36. Bxf7+ Kh8 37. Qxc4 Rc8 38. Qb3 Qxb3 39. Bxb3 Rxc3 40. g4
Rxh3 41. Be6 a4 0-1

[Event "Women's Speed Chess GP3"]
[Site "chess.com INT"]
[Date "2020.07.09"]
[Round "2.3"]
[White "Harika, Dronavalli"]
[Black "Hou, Yifan"]
[Result "0-1"]
[WhiteTitle "GM"]
[BlackTitle "GM"]
[WhiteElo "2515"]
[BlackElo "2658"]
[WhiteFideId "5015197"]
[BlackFideId "8602980"]
[EventDate "2020.07.08"]
[EventType "k.o. blitz"]

1. e4 c5 2. Nf3 e6 3. g3 Nc6 4. Bg2 Nf6 5. Nc3 d6 6. O-O Be7 7. h3 O-O 8. Re1 a6
9. d4 cxd4 10. Nxd4 Bd7 11. b3 Rc8 12. Bb2 b5 13. Nce2 Qc7 14. Rc1 Nxd4 15. Nxd4
Qa5 16. a3 e5 17. Nf5 Bxf5 18. exf5 Rfd8 19. g4 h6 20. f4 Qb6+ 21. Kh1 d5 22.
fxe5 Ne4 23. Bxe4 dxe4 24. Qe2 e3 25. Rcd1 Rxd1 26. Rxd1 Qc6+ 27. Kg1 Qxc2 28.
Re1 Bh4 29. Qxc2 Rxc2 30. Rb1 e2 0-1